Bulharsko

Všeobecné charakteristiky Bulharska. Zmena stanoviska Európskej únie vo vzťahu k Bulharsku. Zahranično-obchodná bilancia Bulharska.

Gespeichert in:
Bibliographische Detailangaben
Format: Buchkapitel
Sprache:Tschechisch
Schlagworte:
Tags: Tag hinzufügen
Keine Tags, Fügen Sie das erste Tag hinzu!

MARC

LEADER 00000naa a2200000 4500
001 r041405
005 20230927121117.3
041 0 |a cze 
044 |a CZ 
245 1 0 |a Bulharsko 
520 |a Všeobecné charakteristiky Bulharska. Zmena stanoviska Európskej únie vo vzťahu k Bulharsku. Zahranično-obchodná bilancia Bulharska. 
610 2 0 |a Bulharsko 
610 2 0 |a Európska únia 
610 2 0 |a vzťahy hospodárske medzinárodné 
610 2 0 |a situácia hospodárska 
610 2 0 |a politika